Complejidad y vida cotidiana /
Enregistré dans:
| Auteur principal: | |
|---|---|
| Format: | Texte |
| Sujets: | |
| Tags: |
Ajouter un tag
Pas de tags, Soyez le premier à ajouter un tag!
|
MARC
| LEADER | 00000 a a2200000 04500 | ||
|---|---|---|---|
| 001 | 18554 | ||
| 003 | |||
| 040 | |||
| 100 | |a Ramírez Marchena, Xilenny | ||
| 245 | |a Complejidad y vida cotidiana / |c Xilenny Ramírez Marchena | ||
| 650 | |a VIDA COTIDIANA | ||
| 650 | |a ZONAS URBANAS | ||
| 773 | |g número 37; páginas 45-57 | ||
| 999 | |c 21717 |d 21717 | ||
